00962nmc a2200277 a 4500003000900000005001700009008004100026020001800067040001300085100002900098245007300127250001200200260004400212300001000256490005300266650002200319650002000341650001000361653002800371653002100399942000700420998001600427999001700443952011200460952011200572AR-BaBNM20251128210807.0196020s2004 ||||||||||||||000 | spa|| a84-8063-689-0 cAR-BaBNM1 aMeirieu, Philipped1949-10aEl maestro y los derechos del niñob¿historia de un malentendido? a1ª ed. aBarcelonabOctaedro / Rosa Sensatc20040 a42 p. 0aTemas de infancia. Educar de 0 a 6 añosvv. 12 4aDERECHOS DEL NINO 4aROL DEL DOCENTE 4aETICA 0aHISTORIA DE LA INFANCIA 0aSUJETO EDUCATIVO cBK cme-solo cat c16940d16940 00102ddc4070aLPLbLPLd2025-11-28eC-BP-006l0o37.01 MEIRp139351r2025-11-28 21:08:07w2025-11-28yBK 00102ddc4070aLPLbLPLd2025-11-28eC-BP-006l0o37.01 MEIRp139352r2025-11-28 21:08:07w2025-11-28yBK